Classic classroom activities : The Oxford picture dictionary program
A comprehensive, flexible, and up-to-date vocabulary reference and teaching tool for English language learning. The Oxford Picture Dictionary and its components create a highly teachable programme that can be used as a complete, four-skills beginning course, or as a language development supplement a...
Salvato in:
| Autore principale: | |
|---|---|
| Natura: | Libro |
| Lingua: | Undetermined |
| Pubblicazione: |
Nerw York
Oxford Univ. Press
1999
|
| Soggetti: | |
| Tags: |
Aggiungi Tag
Nessun Tag, puoi essere il primo ad aggiungerne! !
|
| Thư viện lưu trữ: | Trung tâm Học liệu Trường Đại học Cần Thơ |
|---|
| LEADER | 01015nam a2200229Ia 4500 | ||
|---|---|---|---|
| 001 | CTU_42371 | ||
| 008 | 210402s9999 xx 000 0 und d | ||
| 020 | |b 194.000đ | ||
| 082 | |a 428.24 | ||
| 082 | |b W432 | ||
| 100 | |a Weiss, Renée | ||
| 245 | 0 | |a Classic classroom activities : | |
| 245 | 4 | |b The Oxford picture dictionary program | |
| 245 | 0 | |c Renée Weiss, Jayme Adelson-Goldstein, Norma Shapiro | |
| 260 | |a Nerw York | ||
| 260 | |b Oxford Univ. Press | ||
| 260 | |c 1999 | ||
| 520 | |a A comprehensive, flexible, and up-to-date vocabulary reference and teaching tool for English language learning. The Oxford Picture Dictionary and its components create a highly teachable programme that can be used as a complete, four-skills beginning course, or as a language development supplement and practical reference. | ||
| 650 | |a English language,English language | ||
| 650 | |x Study and teaching,Textbooks for foreign speakers | ||
| 904 | |i Minh | ||
| 980 | |a Trung tâm Học liệu Trường Đại học Cần Thơ | ||